000 00718cam a22002413a 4500
001 3617
003 PGUSA
005 20140828083035.0
008 030101s2003||||xxu|||||s|||||000 | eng d
040 _aPGUSA
_beng
042 _adc
050 4 _aPQ
100 1 _aDumas, Alexandre,
_d1802-1870
245 1 0 _aWidger's Quotations from the Project Gutenberg Editions of Dumas' Celebrated Crimes
_h[electronic resource] /
_cAlexandre Dumas
260 _bProject Gutenberg,
_c2003
506 _aPublic domain in the USA.
516 _aElectronic text
653 _aQuotations
700 1 _aWidger, David,
_d1932-
830 0 _aProject Gutenberg
_v3617
856 4 0 _uhttp://www.gutenberg.org/ebooks/3617
942 _cEB
999 _c232946
_d232946